| 000 | 00407nam a2200169Ia 4500 | ||
|---|---|---|---|
| 005 | 20240823011854.0 | ||
| 008 | 240823s9999||||xx |||||||||||||| ||und|| | ||
| 082 | _A658.15 P2 | ||
| 100 | _aBhalla V K | ||
| 245 | 0 | _aFinancial Management and Policy | |
| 250 | _a3rd | ||
| 260 |
_b"Anmol,New " _aNew Delhi |
||
| 500 | _aYES | ||
| 650 |
_aManagement _bManagement Studies |
||
| 942 | _cBK | ||
| 999 |
_c162788 _d162788 |
||